UBT Library

TOUGH-MINDED MANAGEMENT (Record no. 34862)

000 -LEADER
fixed length control field 00264nam a22001217a 4500
008 - FIXED-LENGTH DATA ELEMENTS--GENERAL INFORMATION
fixed length control field 171019b xxu||||| |||| 00| 0 eng d
041 ## - LANGUAGE CODE
Language code of text/sound track or separate title eng
080 ## - UNIVERSAL DECIMAL CLASSIFICATION NUMBER
Universal Decimal Classification number 338
100 ## - Rafti
Rafti 53
101 ## - Shkurtesa
Shkurtesa MNG
245 ## - TITLE STATEMENT
Title TOUGH-MINDED MANAGEMENT
Statement of responsibility, etc BATTEN, J.D
942 ## - ADDED ENTRY ELEMENTS (KOHA)
Source of classification or shelving scheme
Item type Books
Holdings
Withdrawn status Lost status Source of classification or shelving scheme Damaged status Not for loan Collection code Permanent location Current location Shelving location Date acquired Total Checkouts Full call number Barcode Date last seen Price effective from Koha item type
          Koleksioni i përgjithshem UBT - Lipjan UBT - Lipjan Koleksioni i lëndeve mesimore 10/19/2017   338 BAT 002-2932480 10/19/2017 10/19/2017 Books
UBT Library © 2015-2024. All rights reserved University Education for Business and Technology